000 02280cam a2200577 a 4500
001 20940
003 VRT
005 20260207110019.0
008 250313s1945 xo g 000 d slo c
015 _aSNBA19421945-125/2995
035 _aSK01SNKBKSD220020095267
035 _aurn:nbn:sk:snk-am3hkov
035 _a338988D3-0A01-4337-9D54-EF698CAA873D
035 _aurn:nbn:sk:snk-am00d3rp
035 _aSKM000097730
039 9 _a202503131222
_bVLOAD
_c202205120837
_dVLOAD
_c202104081138
_dmsvkbb08
_c202006091145
_dcsnkv15
040 _aSNK
_bslo
_cSNK
_eAACR2
041 1 _aslo
_hrus
044 _axo
_cSK
072 7 _a821.161.1
_xRuská literatúra, rusky písaná
_2konspekt
072 7 _a821.161.1-2
_xRuská dráma
_2konspekt
080 _a821.161.1-2
_22011
080 _a(0:82-2)
_22011
080 _a(0:82-22)
_22011
100 1 _aTurgenev, Ivan Sergejevič,
_d1818-1883
_4aut
245 1 0 _aPríživník
_bkomédia vo dvoch dejstvách
_cIvan Sergejevič Turgenev ; [preložil Karol Podolinský]
260 _aTurčiansky Sv. Martin
_bÚstredie slovenských ochotníckych divadiel
_c1945
_eTurčiansky Sv. Martin
_fNeografia
300 _a133, [i] s.
_c
490 1 _aJavisko
_vsv. 7
500 _aPreložené z ruštiny
655 7 _aruské drámy
_2SNKPH
655 7 _adivadelné hry
_2SNKPH
655 7 _adivadelné komédie
_2SNKPH
655 7 _aRussian drama
_2SNKPHeng
655 7 _aTheatre plays
_2SNKPHeng
655 7 _aComedies
_2konspekt
700 1 _aPodolinský, Karol,
_d1903-1998
_4trl
700 1 _aRampák, Zoltán,
_d1920-1998
_4red
830 0 _aJavisko
942 _2ddc
_cKLDO
_n0
949 _6270001000611946
_asvkbbS 48658
_bsvkbbm 40299
949 _6270001000611947
_asvkbbS 48659
_bsvkbbm 40301
949 _617A0542328
_asnkSD 4951/7 D1
_bsnkKSF 2676/56
_qrekatalogizácia
949 _617A0542329
_asnkSD 4951/7 D2
_bsnkF 5566/62
_qrekatalogizácia
949 _617A0542330
_asnkSD 4951/7 D3
_bsnkK 2844/65
_qrekatalogizácia
949 _6273K0417347
_asvkpoA 15119
_bsvkpo35217
949 _6369701000015335
_aaubbD 11077
_baubbD11077
949 _617A0908197
_asnkSD 4951/7
_bsnk402/45
_oI. 940/45 - druhé edvidenčné číslo
_s6100:20180703
999 _c20940
_d20940